[Event "13. Golden Prague Rapid Open"]
[Site "Praha"]
[Date "2017.07.01"]
[Round "6.10"]
[White "Horinek, Karel"]
[Black "Melich, Jindrich"]
[Result "1/2-1/2"]
[WhiteElo "1962"]
[BlackElo "2049"]
[Annotator ""]
[Source ""]
[Remark ""]

1.e4 {[%clk 0:12:07]} d6 {[%clk 0:12:08]} 2.g3 {[%clk 0:12:03]}
g6 {[%clk 0:12:08]} 3.Bg2 {[%clk 0:12:04]} Bg7 {[%clk 0:12:10]}
4.Ne2 {[%clk 0:12:05]} c5 {[%clk 0:12:02]} 5.O-O {[%clk 0:12:04]}
Nc6 {[%clk 0:12:03]} 6.c3 {[%clk 0:12:04]} e6 {[%clk 0:11:50]}
7.f4 {[%clk 0:11:58]} Nge7 {[%clk 0:11:49]} 8.Na3 {[%clk 0:11:59]}
d5 {[%clk 0:11:42]} 9.exd5 {[%clk 0:11:33]} exd5 {[%clk 0:11:12]}
10.Nc2 {[%clk 0:10:48]} O-O {[%clk 0:11:08]} 11.d4 {[%clk 0:10:50]}
c4 {[%clk 0:10:38]} 12.Ne3 {[%clk 0:10:45]} f5 {[%clk 0:10:18]}
13.b3 {[%clk 0:10:39]} b5 {[%clk 0:09:55]} 14.Kh1 {[%clk 0:10:24]}
Be6 {[%clk 0:09:36]} 15.Ng1 {[%clk 0:10:18]} cxb3 {[%clk 0:08:35]}
16.axb3 {[%clk 0:10:19]} b4 {[%clk 0:08:37]} 17.Nf3 {[%clk 0:10:02]}
bxc3 {[%clk 0:08:25]} 18.Ne5 {[%clk 0:10:03]} Qb6 {[%clk 0:08:17]}
19.Nc2 {[%clk 0:09:49]} Qxb3 {[%clk 0:07:37]} 20.Ra3 {[%clk 0:09:51]}
Qb6 {[%clk 0:07:34]} 21.Rxc3 {[%clk 0:09:48]} Rfd8 {[%clk 0:06:22]}
22.Ba3 {[%clk 0:09:40]} Re8 {[%clk 0:05:42]} 23.Bc5 {[%clk 0:09:39]}
Qb7 {[%clk 0:05:26]} 24.Re1 {[%clk 0:09:07]} Nxe5 {[%clk 0:05:24]}
25.fxe5 {[%clk 0:08:52]} Nc6 {[%clk 0:05:11]} 26.Qd3 {[%clk 0:08:40]}
a5 {[%clk 0:04:45]} 27.Rb3 {[%clk 0:08:21]} Qd7 {[%clk 0:03:59]}
28.Reb1 {[%clk 0:08:21]} Reb8 {[%clk 0:03:58]} 29.Ne3 {[%clk 0:07:30]}
a4 {[%clk 0:03:43]} 30.Rxb8+ {[%clk 0:07:18]} Rxb8 {[%clk 0:03:43]}
31.Rxb8+ {[%clk 0:07:04]} Nxb8 {[%clk 0:03:44]} 32.Qa3 {[%clk 0:07:03]}
Na6 {[%clk 0:03:20]} 33.Bd6 {[%clk 0:07:04]} Qc6 {[%clk 0:03:14]}
34.h4 {[%clk 0:07:00]} Bh6 {[%clk 0:03:08]} 35.Nf1 {[%clk 0:06:45]}
Qc4 {[%clk 0:02:44]} 36.Qa1 {[%clk 0:06:02]} f4 {[%clk 0:02:17]}
37.gxf4 {[%clk 0:04:53]} Bxf4 {[%clk 0:02:19]} 38.Nh2 {[%clk 0:04:39]}
Qc1+ {[%clk 0:01:25]} 39.Qxc1 {[%clk 0:04:39]} Bxc1 {[%clk 0:01:28]}
40.Nf3 {[%clk 0:04:22]} a3 {[%clk 0:01:29]} 41.Bxa3 {[%clk 0:04:24]}
Bxa3 {[%clk 0:01:31]} 42.Ng5 {[%clk 0:04:26]} Nc7 {[%clk 0:01:22]}
43.Nxe6 Nxe6 {[%clk 0:01:24]} 44.Bxd5 {[%clk 0:04:29]} Kf7 {[%clk 0:01:24]}
45.Kg2 {[%clk 0:04:31]} Ke7 {[%clk 0:01:26]} 46.Bxe6 {[%clk 0:04:23]}
Kxe6 {[%clk 0:01:28]} 47.Kf3 {[%clk 0:04:25]} Kd5 {[%clk 0:01:30]}
48.Ke3 {[%clk 0:04:26]} Be7 {[%clk 0:01:28]} 49.h5 {[%clk 0:04:28]}
gxh5 {[%clk 0:01:30]} 50.Kd3 {[%clk 0:04:20]} h4 {[%clk 0:01:29]}
51.Ke3 {[%clk 0:04:23]} Bg5+ {[%clk 0:01:29]} 52.Kf3 {[%clk 0:04:24]}
Kxd4 {[%clk 0:01:30]} 53.Kg4 {[%clk 0:04:26]} Kxe5 {[%clk 0:01:31]}
54.Kh3 {[%clk 0:04:29]} Ke4 {[%clk 0:01:29]} 55.Kg2 {[%clk 0:04:31]}
Kf4 {[%clk 0:01:30]} 56.Kh3 {[%clk 0:04:32]} Kf3 {[%clk 0:01:32]}
57.Kh2 {[%clk 0:04:34]} Kg4 {[%clk 0:01:28]} 58.Kh1 {[%clk 0:04:35]}
Bf4 {[%clk 0:01:28]} 59.Kg1 {[%clk 0:04:37]} Kf3 {[%clk 0:00:57]}
60.Kh1 {[%clk 0:04:37]} Be3 {[%clk 0:00:53]} 61.Kh2 {[%clk 0:04:38]}
Bf2 {[%clk 0:00:53]} 62.Kh1 {[%clk 0:04:36]} Bg3 {[%clk 0:00:52]}
63.Kg1 {[%clk 0:04:38]} h3 {[%clk 0:00:47]} 64.Kh1 {[%clk 0:04:40]}
Bf2 {[%clk 0:00:42]} 65.Kh2 {[%clk 0:04:42]} Kg4 {[%clk 0:00:43]}
66.Kh1 {[%clk 0:04:44]} Bg3 {[%clk 0:00:44]} 67.Kg1 {[%clk 0:04:46]}
h2+ {[%clk 0:00:29]} 68.Kh1 {[%clk 0:04:41]} Bf4 {[%clk 0:00:23]}
69.Kg2 {[%clk 0:04:39]} h5 {[%clk 0:00:20]} 70.Kh1 {[%clk 0:04:41]}
Bg3 {[%clk 0:00:21]} 71.Kg2 {[%clk 0:04:43]} 1/2-1/2

[Event "13. Golden Prague Rapid Open"]
[Site "Praha"]
[Date "2017.07.01"]
[Round "6.11"]
[White "Groh, Jiri"]
[Black "Janacek, Jaroslav"]
[Result "1-0"]
[WhiteElo "2047"]
[BlackElo "1972"]
[Annotator ""]
[Source ""]
[Remark ""]

1.c4 {[%clk 0:12:03]} e5 {[%clk 0:12:04]} 2.g3 {[%clk 0:12:05]}
d6 {[%clk 0:12:04]} 3.Bg2 {[%clk 0:12:06]} f5 {[%clk 0:12:06]}
4.d3 {[%clk 0:12:02]} Nf6 {[%clk 0:12:07]} 5.Nf3 {[%clk 0:12:03]}
Be7 {[%clk 0:11:44]} 6.O-O {[%clk 0:12:04]} O-O {[%clk 0:11:45]}
7.Nc3 {[%clk 0:12:06]} c6 {[%clk 0:11:42]} 8.b4 {[%clk 0:12:07]}
a5 {[%clk 0:11:38]} 9.b5 {[%clk 0:12:00]} Nbd7 {[%clk 0:11:07]}
10.Ng5 {[%clk 0:11:50]} Nc5 {[%clk 0:10:15]} 11.bxc6 {[%clk 0:11:48]}
bxc6 {[%clk 0:10:17]} 12.Bxc6 {[%clk 0:11:46]} Rb8 {[%clk 0:09:17]}
13.Na4 {[%clk 0:11:41]} h6 {[%clk 0:08:56]} 14.Nxc5 {[%clk 0:11:32]}
hxg5 {[%clk 0:08:50]} 15.Nb3 {[%clk 0:11:27]} f4 {[%clk 0:08:20]}
16.d4 {[%clk 0:11:09]} Bh3 {[%clk 0:07:23]} 17.Re1 {[%clk 0:10:53]}
Qc7 {[%clk 0:06:45]} 18.Bb5 {[%clk 0:10:03]} Ne4 {[%clk 0:05:47]}
19.dxe5 {[%clk 0:09:01]} Nc3 {[%clk 0:04:18]} 20.Qd3 {[%clk 0:08:55]}
Nxb5 {[%clk 0:04:04]} 21.Qd5+ {[%clk 0:08:32]} Kh8 {[%clk 0:03:48]}
22.cxb5 {[%clk 0:08:28]} dxe5 {[%clk 0:03:27]} 23.Bb2 {[%clk 0:08:09]}
Bf6 {[%clk 0:03:07]} 24.Rac1 {[%clk 0:07:49]} Qb7 {[%clk 0:02:56]}
25.Qxb7 {[%clk 0:07:43]} Rxb7 {[%clk 0:02:58]} 26.a4 {[%clk 0:07:45]}
fxg3 {[%clk 0:02:22]} 27.hxg3 {[%clk 0:07:43]} e4 {[%clk 0:02:24]}
28.Bxf6 {[%clk 0:07:21]} Rxf6 {[%clk 0:02:25]} 29.Rc5 {[%clk 0:06:49]}
Be6 {[%clk 0:01:49]} 30.Nxa5 {[%clk 0:06:28]} Rbf7 {[%clk 0:01:46]}
31.Nc6 {[%clk 0:05:53]} Rxf2 {[%clk 0:01:36]} 32.Rxg5 {[%clk 0:05:51]}
Kh7 {[%clk 0:01:16]} 33.Nd8 {[%clk 0:05:38]} 1-0

[Event "13. Golden Prague Rapid Open"]
[Site "Praha"]
[Date "2017.07.01"]
[Round "6.12"]
[White "Plasek, Zdenek"]
[Black "Pribyl, Viktor"]
[Result "1/2-1/2"]
[WhiteElo "1993"]
[BlackElo "1925"]
[Annotator ""]
[Source ""]
[Remark ""]

1.Nf3 {[%clk 0:12:03]} Nf6 {[%clk 0:12:05]} 2.e3 {[%clk 0:12:02]}
d5 {[%clk 0:12:07]} 3.b3 {[%clk 0:12:03]} Bf5 {[%clk 0:12:08]}
4.Bb2 {[%clk 0:12:02]} e6 {[%clk 0:12:10]} 5.c4 {[%clk 0:11:58]}
c6 {[%clk 0:12:11]} 6.Be2 {[%clk 0:11:39]} Nbd7 {[%clk 0:12:13]}
7.O-O {[%clk 0:11:23]} Bd6 {[%clk 0:12:14]} 8.d4 {[%clk 0:11:21]}
Ne4 {[%clk 0:12:12]} 9.Ba3 {[%clk 0:10:30]} Nc3 {[%clk 0:11:58]}
10.Nxc3 {[%clk 0:10:21]} Bxa3 {[%clk 0:12:00]} 11.Qd2 {[%clk 0:10:10]}
Nf6 {[%clk 0:11:48]} 12.Nh4 {[%clk 0:10:04]} Ne4 {[%clk 0:11:26]}
13.Nxe4 {[%clk 0:09:58]} Qxh4 {[%clk 0:11:09]} 14.Ng3 {[%clk 0:09:25]}
Bd6 {[%clk 0:10:48]} 15.f4 {[%clk 0:09:26]} Bg6 {[%clk 0:10:16]}
16.Bd3 {[%clk 0:09:26]} Bxd3 {[%clk 0:10:14]} 17.Qxd3 {[%clk 0:09:27]}
g5 {[%clk 0:09:35]} 18.Ne2 {[%clk 0:08:56]} gxf4 {[%clk 0:08:37]}
19.exf4 {[%clk 0:08:56]} Rg8 {[%clk 0:08:30]} 20.g3 {[%clk 0:08:56]}
O-O-O {[%clk 0:07:35]} 21.Kh1 {[%clk 0:08:38]} Qh3 {[%clk 0:07:24]}
22.cxd5 {[%clk 0:08:11]} exd5 {[%clk 0:07:23]} 23.Ng1 {[%clk 0:08:12]}
Qg4 {[%clk 0:07:02]} 24.Qf3 {[%clk 0:08:11]} h5 {[%clk 0:06:26]}
25.Qxg4+ {[%clk 0:08:06]} hxg4 {[%clk 0:06:28]} 26.a3 {[%clk 0:07:47]}
Rde8 {[%clk 0:06:07]} 27.Rfe1 {[%clk 0:07:47]} Rxe1 {[%clk 0:06:02]}
28.Rxe1 {[%clk 0:07:45]} Bxa3 {[%clk 0:06:00]} 29.Ra1 {[%clk 0:07:46]}
Bb4 {[%clk 0:05:50]} 30.Rxa7 {[%clk 0:07:47]} Kc7 {[%clk 0:05:52]}
31.Ra4 {[%clk 0:07:47]} Bd2 {[%clk 0:05:20]} 32.h3 {[%clk 0:07:46]}
Rh8 {[%clk 0:05:07]} 33.Kg2 {[%clk 0:07:45]} gxh3+ {[%clk 0:04:46]}
34.Nxh3 {[%clk 0:07:46]} Re8 {[%clk 0:04:34]} 35.Ng5 {[%clk 0:07:02]}
f5 {[%clk 0:04:20]} 36.Nf3 {[%clk 0:06:58]} Bc3 {[%clk 0:04:08]}
37.Ne5 {[%clk 0:06:55]} Re6 {[%clk 0:02:21]} 38.Kf2 {[%clk 0:06:52]}
b5 {[%clk 0:02:23]} 39.Ra7+ {[%clk 0:06:49]} Kb6 {[%clk 0:02:19]}
40.Rf7 {[%clk 0:06:27]} Bxd4+ {[%clk 0:02:21]} 41.Kf3 {[%clk 0:06:23]}
Bxe5 {[%clk 0:02:10]} 42.fxe5 {[%clk 0:06:24]} Rxe5 {[%clk 0:02:11]}
43.Kf4 {[%clk 0:06:27]} Re1 {[%clk 0:02:01]} 44.Rxf5 {[%clk 0:06:15]}
Rf1+ {[%clk 0:01:32]} 45.Ke5 {[%clk 0:06:17]} Rxf5+ {[%clk 0:01:34]}
46.Kxf5 {[%clk 0:06:19]} d4 {[%clk 0:00:50]} 47.Ke4 {[%clk 0:06:19]}
c5 {[%clk 0:00:43]} 48.b4 {[%clk 0:06:10]} c4 {[%clk 0:00:23]}
49.Kxd4 {[%clk 0:06:11]} Kc6 {[%clk 0:00:20]} 50.g4 {[%clk 0:05:06]}
Kd6 {[%clk 0:00:22]} 51.Ke4 {[%clk 0:05:07]} Ke6 {[%clk 0:00:20]}
52.Kf4 {[%clk 0:05:04]} Kf6 {[%clk 0:00:19]} 53.Ke4 {[%clk 0:04:49]}
Kg5 {[%clk 0:00:20]} 54.Kf3 {[%clk 0:04:50]} c3 {[%clk 0:00:16]}
55.Ke3 {[%clk 0:04:52]} Kxg4 {[%clk 0:00:18]} 56.Kd3 {[%clk 0:04:54]}
Kf3 {[%clk 0:00:20]} 57.Kxc3 {[%clk 0:04:55]} Ke3 {[%clk 0:00:22]}
58.Kb3 {[%clk 0:04:44]} Kd3 {[%clk 0:00:24]} 59.Kb2 {[%clk 0:04:40]}
Kc4 {[%clk 0:00:25]} 60.Kc2 {[%clk 0:04:42]} Kd4 {[%clk 0:00:14]}
61.Kd2 {[%clk 0:04:42]} Ke4 {[%clk 0:00:14]} 62.Ke2 {[%clk 0:04:29]}
Kd4 {[%clk 0:00:15]} 63.Kd2 {[%clk 0:04:31]} Kc4 {[%clk 0:00:18]}
64.Kc2 {[%clk 0:04:34]} Kxb4 {[%clk 0:00:16]} 65.Kb2 {[%clk 0:04:36]}
Kc4 {[%clk 0:00:16]} 66.Kc2 {[%clk 0:04:37]} Kd5 {[%clk 0:00:10]}
67.Kd3 {[%clk 0:04:36]} Kc6 {[%clk 0:00:10]} 68.Kd4 {[%clk 0:04:35]}
Kd6 {[%clk 0:00:10]} 69.Kc3 {[%clk 0:04:33]} Kc5 {[%clk 0:00:12]}
70.Kb3 {[%clk 0:04:33]} b4 {[%clk 0:00:14]} 71.Kb2 {[%clk 0:04:35]}
Kb6 {[%clk 0:00:14]} 72.Kb3 {[%clk 0:04:05]} Kb5 {[%clk 0:00:16]}
73.Kb2 {[%clk 0:04:05]} Kb6 {[%clk 0:00:15]} 74.Kb3 {[%clk 0:04:05]}
Kb5 {[%clk 0:00:17]} 75.Kb2 {[%clk 0:04:07]} Kc4 {[%clk 0:00:19]}
76.Kc2 {[%clk 0:04:09]} Kd5 {[%clk 0:00:20]} 77.Kb3 {[%clk 0:04:07]}
Kc5 {[%clk 0:00:22]} 78.Kb2 {[%clk 0:04:09]} Kb6 {[%clk 0:00:11]}
79.Kb3 {[%clk 0:04:08]} Kb5 {[%clk 0:00:13]} 80.Kb2 {[%clk 0:04:10]}
Kc4 {[%clk 0:00:15]} 81.Kc2 {[%clk 0:04:13]} 1/2-1/2

[Event "13. Golden Prague Rapid Open"]
[Site "Praha"]
[Date "2017.07.01"]
[Round "6.13"]
[White "Vavrinec, Tomas"]
[Black "Peyrer, Konstantin"]
[Result "1-0"]
[WhiteElo "2068"]
[BlackElo "1921"]
[Annotator ""]
[Source ""]
[Remark ""]

1.c4 {[%clk 0:12:03]} Nf6 {[%clk 0:12:04]} 2.Nc3 {[%clk 0:12:04]}
c5 {[%clk 0:12:03]} 3.Nf3 {[%clk 0:12:05]} g6 {[%clk 0:12:04]}
4.g3 {[%clk 0:12:06]} Bg7 {[%clk 0:12:06]} 5.Bg2 {[%clk 0:12:08]}
O-O {[%clk 0:12:08]} 6.O-O {[%clk 0:12:09]} Nc6 {[%clk 0:12:05]}
7.d4 {[%clk 0:12:10]} cxd4 {[%clk 0:12:07]} 8.Nxd4 {[%clk 0:12:12]}
a6 {[%clk 0:12:05]} 9.c5 {[%clk 0:12:11]} Qc7 {[%clk 0:11:42]}
10.Nb3 {[%clk 0:10:09]} Rd8 {[%clk 0:11:34]} 11.Bf4 {[%clk 0:10:00]}
d6 {[%clk 0:11:22]} 12.cxd6 {[%clk 0:09:49]} exd6 {[%clk 0:11:23]}
13.Rc1 {[%clk 0:09:49]} Be6 {[%clk 0:11:21]} 14.Nc5 {[%clk 0:08:25]}
Qe7 {[%clk 0:10:57]} 15.Nxe6 {[%clk 0:06:57]} fxe6 {[%clk 0:10:57]}
16.Qb3 {[%clk 0:06:59]} Kh8 {[%clk 0:10:55]} 17.Rfd1 {[%clk 0:06:52]}
d5 {[%clk 0:10:55]} 18.Na4 {[%clk 0:06:27]} e5 {[%clk 0:10:35]}
19.Bg5 {[%clk 0:06:17]} Nd4 {[%clk 0:10:33]} 20.Qd3 {[%clk 0:05:45]}
Qb4 {[%clk 0:10:29]} 21.b3 {[%clk 0:04:51]} Rd6 {[%clk 0:08:31]}
22.Nc5 {[%clk 0:03:09]} Ng4 {[%clk 0:08:13]} 23.h3 {[%clk 0:02:31]}
Rc6 {[%clk 0:07:15]} 24.hxg4 {[%clk 0:01:42]} Rxc5 {[%clk 0:07:17]}
25.Be7 {[%clk 0:01:26]} Rac8 {[%clk 0:06:55]} 26.Bxc5 {[%clk 0:01:24]}
Rxc5 {[%clk 0:06:57]} 27.Rxc5 {[%clk 0:01:24]} Qxc5 {[%clk 0:06:59]}
28.e3 {[%clk 0:01:22]} Nc6 {[%clk 0:06:51]} 29.Qxd5 {[%clk 0:01:22]}
Qc2 {[%clk 0:06:51]} 30.Qd2 {[%clk 0:01:20]} Qc5 {[%clk 0:06:45]}
31.Rc1 {[%clk 0:01:15]} Qb6 {[%clk 0:06:42]} 32.Bxc6 {[%clk 0:01:13]}
bxc6 {[%clk 0:06:45]} 33.Qd7 {[%clk 0:01:12]} h5 {[%clk 0:06:45]}
34.gxh5 {[%clk 0:01:11]} gxh5 {[%clk 0:06:47]} 35.Qe8+ {[%clk 0:01:05]}
Kh7 {[%clk 0:06:48]} 36.Qxh5+ {[%clk 0:01:06]} Kg8 {[%clk 0:06:50]}
37.Qe8+ {[%clk 0:01:08]} Kh7 {[%clk 0:06:52]} 38.Rxc6 {[%clk 0:01:08]}
Qb7 {[%clk 0:06:42]} 39.Qg6+ {[%clk 0:00:50]} Kg8 {[%clk 0:06:37]}
40.Re6 {[%clk 0:00:47]} 1-0

[Event "13. Golden Prague Rapid Open"]
[Site "Praha"]
[Date "2017.07.01"]
[Round "6.14"]
[White "Zamorsky, Ladislav"]
[Black "Tsenov, Tsvetoslav"]
[Result "0-1"]
[WhiteElo "1889"]
[BlackElo "2129"]
[Annotator ""]
[Source ""]
[Remark ""]

1.d4 {[%clk 0:12:04]} f5 {[%clk 0:12:04]} 2.c4 {[%clk 0:12:04]}
Nf6 {[%clk 0:12:05]} 3.g3 {[%clk 0:12:05]} g6 {[%clk 0:12:07]}
4.Bg2 {[%clk 0:12:05]} Bg7 {[%clk 0:12:08]} 5.Nc3 {[%clk 0:12:05]}
d6 {[%clk 0:12:08]} 6.Nh3 {[%clk 0:12:06]} O-O {[%clk 0:12:08]}
7.O-O {[%clk 0:11:35]} Nc6 {[%clk 0:11:27]} 8.b3 {[%clk 0:11:22]}
e5 {[%clk 0:10:52]} 9.dxe5 {[%clk 0:10:54]} Nxe5 {[%clk 0:09:57]}
10.Bb2 {[%clk 0:10:12]} c6 {[%clk 0:09:47]} 11.Qd2 {[%clk 0:10:08]}
Qe7 {[%clk 0:09:26]} 12.Rfd1 {[%clk 0:09:54]} Nf7 {[%clk 0:09:25]}
13.e3 {[%clk 0:09:33]} Be6 {[%clk 0:08:22]} 14.Nf4 {[%clk 0:09:20]}
Rad8 {[%clk 0:08:23]} 15.Nxe6 {[%clk 0:08:48]} Qxe6 {[%clk 0:08:25]}
16.Rac1 {[%clk 0:08:38]} Ng4 {[%clk 0:07:29]} 17.Ne2 {[%clk 0:08:20]}
Nge5 {[%clk 0:06:56]} 18.Qc3 {[%clk 0:07:51]} Nf3+ {[%clk 0:06:46]}
19.Bxf3 {[%clk 0:07:48]} Bxc3 {[%clk 0:06:48]} 20.Bxc3 {[%clk 0:07:38]}
Ne5 {[%clk 0:06:34]} 21.Bg2 {[%clk 0:07:26]} Qe7 {[%clk 0:06:09]}
22.Rd2 {[%clk 0:07:13]} g5 {[%clk 0:05:46]} 23.Rcd1 {[%clk 0:06:59]}
h5 {[%clk 0:05:07]} 24.Nd4 {[%clk 0:06:30]} f4 {[%clk 0:04:44]}
25.exf4 {[%clk 0:06:00]} gxf4 {[%clk 0:04:46]} 26.Bb2 {[%clk 0:03:39]}
h4 {[%clk 0:04:29]} 27.Rf1 {[%clk 0:02:01]} fxg3 {[%clk 0:03:57]}
28.hxg3 {[%clk 0:01:47]} hxg3 {[%clk 0:03:57]} 29.f4 {[%clk 0:01:27]}
Qh4 {[%clk 0:03:41]} 30.Nf3 {[%clk 0:00:58]} Nxf3+ {[%clk 0:02:38]}
31.Rxf3 {[%clk 0:00:58]} Rxf4 {[%clk 0:01:48]} 32.Rdd3 {[%clk 0:01:00]}
Rxf3 {[%clk 0:01:41]} 33.Rxf3 {[%clk 0:00:59]} Qh2+ {[%clk 0:01:23]}
34.Kf1 {[%clk 0:01:00]} Rf8 {[%clk 0:01:24]} 35.Rxf8+ {[%clk 0:00:59]}
Kxf8 {[%clk 0:01:25]} 36.Bd4 {[%clk 0:00:41]} a6 {[%clk 0:01:01]}
37.Be3 {[%clk 0:00:24]} Qh5 {[%clk 0:00:53]} 38.Bd2 {[%clk 0:00:06]}
Qf5+ {[%clk 0:00:48]} 39.Ke2 {[%clk 0:00:05]} Qf2+ {[%clk 0:00:47]} 0-1

[Event "13. Golden Prague Rapid Open"]
[Site "Praha"]
[Date "2017.07.01"]
[Round "6.15"]
[White "Kalvach, Ladislav"]
[Black "Festa, Samuele"]
[Result "1/2-1/2"]
[WhiteElo "1852"]
[BlackElo "2078"]
[Annotator ""]
[Source ""]
[Remark ""]

1.e4 {[%clk 0:12:04]} c5 {[%clk 0:12:04]} 2.Ne2 {[%clk 0:12:06]}
g6 {[%clk 0:12:02]} 3.g3 {[%clk 0:12:06]} Bg7 {[%clk 0:12:03]}
4.Bg2 {[%clk 0:12:08]} Nc6 {[%clk 0:11:58]} 5.c3 {[%clk 0:12:09]}
Nf6 {[%clk 0:11:50]} 6.d4 {[%clk 0:12:01]} cxd4 {[%clk 0:11:12]}
7.cxd4 {[%clk 0:12:02]} d6 {[%clk 0:10:39]} 8.h3 {[%clk 0:11:50]}
O-O {[%clk 0:10:36]} 9.O-O {[%clk 0:11:45]} Bd7 {[%clk 0:09:57]}
10.Nbc3 {[%clk 0:11:32]} a6 {[%clk 0:09:38]} 11.Be3 {[%clk 0:10:54]}
Rc8 {[%clk 0:09:02]} 12.Qd2 {[%clk 0:10:39]} b5 {[%clk 0:08:21]}
13.Rac1 {[%clk 0:09:54]} Qa5 {[%clk 0:07:50]} 14.a3 {[%clk 0:09:28]}
b4 {[%clk 0:07:25]} 15.Na2 {[%clk 0:08:39]} bxa3 {[%clk 0:07:15]}
16.Qxa5 {[%clk 0:08:40]} Nxa5 {[%clk 0:07:12]} 17.bxa3 {[%clk 0:08:33]}
Nc4 {[%clk 0:06:51]} 18.Nb4 {[%clk 0:07:52]} Nxe3 {[%clk 0:06:28]}
19.fxe3 {[%clk 0:07:50]} Bb5 {[%clk 0:06:20]} 20.Kf2 {[%clk 0:07:07]}
a5 {[%clk 0:06:06]} 21.Na2 {[%clk 0:06:42]} e5 {[%clk 0:05:33]}
22.Nac3 {[%clk 0:06:08]} Ba6 {[%clk 0:05:07]} 23.a4 {[%clk 0:06:01]}
Rb8 {[%clk 0:04:22]} 24.Rb1 {[%clk 0:05:43]} Bd3 {[%clk 0:04:13]}
25.Rbd1 {[%clk 0:05:11]} Ba6 {[%clk 0:03:57]} 26.Rb1 {[%clk 0:05:10]}
Bd3 {[%clk 0:03:27]} 27.Rbd1 {[%clk 0:05:12]} Ba6 {[%clk 0:03:28]}
28.Rb1 {[%clk 0:05:14]} Rb4 29.Rxb4 axb4 30.Nb5 Bxb5 {[%clk 0:01:55]}
31.axb5 1/2-1/2

[Event "13. Golden Prague Rapid Open"]
[Site "Praha"]
[Date "2017.07.01"]
[Round "6.16"]
[White "Mara, Jiri"]
[Black "Muk, Ivo"]
[Result "1/2-1/2"]
[WhiteElo "1642"]
[BlackElo "2010"]
[Annotator ""]
[Source ""]
[Remark ""]

1.e4 {[%clk 0:12:03]} c5 {[%clk 0:12:05]} 2.Nf3 {[%clk 0:12:04]}
a6 {[%clk 0:12:06]} 3.c4 {[%clk 0:12:00]} e6 {[%clk 0:12:04]}
4.g3 {[%clk 0:12:00]} d5 {[%clk 0:11:48]} 5.cxd5 {[%clk 0:12:01]}
exd5 {[%clk 0:11:50]} 6.exd5 {[%clk 0:11:54]} Nf6 {[%clk 0:11:52]}
7.Bg2 {[%clk 0:11:54]} Nxd5 {[%clk 0:11:53]} 8.O-O {[%clk 0:11:54]}
Be7 {[%clk 0:11:40]} 9.Nc3 {[%clk 0:11:52]} Nc7 {[%clk 0:11:03]}
10.d4 {[%clk 0:11:37]} O-O {[%clk 0:10:45]} 11.dxc5 {[%clk 0:11:36]}
Bxc5 {[%clk 0:10:37]} 12.Bf4 {[%clk 0:10:38]} Ne6 {[%clk 0:10:23]}
13.Qxd8 {[%clk 0:09:20]} Rxd8 {[%clk 0:10:22]} 14.Rfd1 {[%clk 0:09:14]}
Nc6 15.Bd2 {[%clk 0:08:44]} Rb8 {[%clk 0:08:43]} 16.Ne4 {[%clk 0:08:30]}
Ba7 {[%clk 0:08:08]} 17.Bc3 {[%clk 0:08:14]} Bd7 {[%clk 0:07:46]}
18.Ne5 {[%clk 0:08:01]} Be8 {[%clk 0:07:36]} 19.Nd6 {[%clk 0:07:13]}
Nxe5 {[%clk 0:06:56]} 20.Bxe5 {[%clk 0:07:05]} Rd7 {[%clk 0:06:30]}
21.Nxe8 {[%clk 0:06:34]} Rxd1+ {[%clk 0:06:30]} 22.Rxd1 {[%clk 0:06:36]}
Rxe8 {[%clk 0:06:32]} 23.Bxb7 {[%clk 0:06:29]} Ng5 {[%clk 0:06:30]}
24.Bf4 {[%clk 0:06:07]} Nh3+ {[%clk 0:06:23]} 25.Kg2 {[%clk 0:06:05]}
Nxf2 {[%clk 0:06:08]} 26.Rf1 {[%clk 0:05:44]} Nd3 {[%clk 0:05:35]}
27.Bxa6 {[%clk 0:04:43]} Nxb2 {[%clk 0:05:29]} 28.Bc1 {[%clk 0:04:22]}
Na4 {[%clk 0:05:27]} 29.Bb5 {[%clk 0:04:22]} Re4 {[%clk 0:05:27]}
30.Kf3 {[%clk 0:03:48]} Rb4 {[%clk 0:05:21]} 31.Re1 {[%clk 0:03:28]}
f6 {[%clk 0:05:08]} 32.Bd7 {[%clk 0:02:31]} Nc5 {[%clk 0:04:17]}
33.Bc6 {[%clk 0:01:57]} Kf7 {[%clk 0:04:00]} 34.Ba3 {[%clk 0:01:56]}
Rd4 {[%clk 0:03:55]} 35.Be8+ {[%clk 0:01:37]} Kg8 {[%clk 0:03:40]}
36.Re7 {[%clk 0:01:15]} Rd3+ {[%clk 0:03:36]} 37.Re3 {[%clk 0:01:08]}
Rd2 {[%clk 0:03:21]} 38.Re2 {[%clk 0:00:58]} Rd3+ {[%clk 0:03:18]}
39.Re3 {[%clk 0:00:59]} Rd1 {[%clk 0:03:20]} 40.Re7 {[%clk 0:00:47]}
g5 {[%clk 0:02:59]} 41.Rxa7 {[%clk 0:00:45]} Rd3+ {[%clk 0:02:52]} 1/2-1/2

[Event "13. Golden Prague Rapid Open"]
[Site "Praha"]
[Date "2017.07.01"]
[Round "6.17"]
[White "Pipek, Petr"]
[Black "Simecek, Bohumil"]
[Result "0-1"]
[WhiteElo "1707"]
[BlackElo "1983"]
[Annotator ""]
[Source ""]
[Remark ""]

1.d4 d5 2.c4 c6 3.Nc3 Nf6 4.Nf3 a6 5.e3 Bf5 6.Bd3 Bxd3 7.Qxd3
e6 8.O-O Nbd7 9.b3 Be7 10.Bb2 O-O 11.Rac1 Re8 12.Rfd1 Qa5 13.cxd5
exd5 14.Qb1 Bd6 15.h3 h6 16.Na4 Ne4 17.Nc3 Re6 18.Nxe4 Rxe4 19.Bc3
Qd8 20.Nd2 Re6 21.e4 dxe4 22.Nxe4 Bf4 23.Nc5 Rg6 24.Bd2 Bxd2
25.Rxd2 Qg5 26.f4 Qxf4 27.Qd3 Nf6 28.Rf1 Qc7 29.Ne6 Qg3 30.Nf4
Qxd3 31.Rxd3 Rg5 32.Rdf3 Rd8 33.Ne2 Rd7 34.Rd1 Rgd5 35.Rfd3 c5
36.Nf4 Rxd4 37.Rxd4 Rxd4 38.Rxd4 cxd4 39.Kf2 Nd7 40.Kf3 Ne5+
41.Ke4 Nc6 42.Ne2 Kf8 43.Nxd4 Nxd4 44.Kxd4 f5 45.Kc5 g5 46.Kb6
h5 47.Kxb7 f4 48.Kxa6 g4 49.b4 f3 50.gxf3 gxf3 51.b5 f2 52.b6
f1Q+ 53.Ka7 Qf2 54.Ka6 Qxa2+ 55.Kb7 Qb3 56.Kc7 Qxh3 57.b7 Qc3+
58.Kd7 Qb4 59.Kc8 Qxb7+ 60.Kxb7 h4 0-1

[Event "13. Golden Prague Rapid Open"]
[Site "Praha"]
[Date "2017.07.01"]
[Round "6.18"]
[White "Kovar, Jan"]
[Black "Zvacek, Antonin"]
[Result "0-1"]
[WhiteElo "1978"]
[BlackElo "1881"]
[Annotator ""]
[Source ""]
[Remark ""]

1.e4 {[%clk 0:12:04]} c5 {[%clk 0:12:05]} 2.Nf3 {[%clk 0:12:06]}
Nc6 {[%clk 0:12:07]} 3.Bb5 {[%clk 0:12:07]} g6 {[%clk 0:12:06]}
4.Bxc6 {[%clk 0:12:09]} bxc6 {[%clk 0:12:02]} 5.O-O {[%clk 0:12:06]}
Bg7 {[%clk 0:12:02]} 6.c3 {[%clk 0:12:08]} d5 {[%clk 0:12:00]}
7.e5 {[%clk 0:11:50]} Qc7 {[%clk 0:11:36]} 8.Re1 {[%clk 0:11:50]}
Bg4 {[%clk 0:11:25]} 9.d4 {[%clk 0:11:51]} cxd4 {[%clk 0:10:37]}
10.cxd4 {[%clk 0:11:52]} e6 {[%clk 0:10:06]} 11.Be3 {[%clk 0:11:27]}
Ne7 {[%clk 0:10:04]} 12.Nbd2 {[%clk 0:11:09]} O-O {[%clk 0:09:47]}
13.h3 {[%clk 0:10:44]} Bxf3 {[%clk 0:09:46]} 14.Nxf3 {[%clk 0:10:32]}
Nf5 {[%clk 0:09:41]} 15.Qc2 {[%clk 0:10:17]} Rfc8 {[%clk 0:09:09]}
16.Rac1 {[%clk 0:10:02]} Nxe3 {[%clk 0:08:39]} 17.fxe3 {[%clk 0:10:03]}
Qa5 {[%clk 0:08:06]} 18.b3 {[%clk 0:09:15]} Bf8 {[%clk 0:07:52]}
19.Re2 {[%clk 0:08:48]} Ba3 {[%clk 0:06:58]} 20.Rf1 {[%clk 0:08:41]}
c5 {[%clk 0:05:28]} 21.Qb1 {[%clk 0:07:50]} Rc7 {[%clk 0:04:59]}
22.Ref2 {[%clk 0:06:14]} Rac8 {[%clk 0:04:19]} 23.Ng5 {[%clk 0:06:11]}
Qc3 {[%clk 0:03:49]} 24.Nxf7 {[%clk 0:04:06]} Qxe3 {[%clk 0:03:22]}
25.Kh1 {[%clk 0:03:59]} cxd4 {[%clk 0:03:09]} 26.Nd6 {[%clk 0:02:47]}
Rc1 {[%clk 0:03:00]} 0-1